| 000 | 00527nam a2200229Ia 4500 | ||
|---|---|---|---|
| 003 | 0100 | ||
| 008 | 130303s9999 xx 000 0 und d | ||
| 020 | _a140808760 | ||
| 040 | _cARRUPELIB | ||
| 050 | _aHB99.3.P56 1973 | ||
| 100 | _aPhelps, Edmund S | ||
| 245 | _aEconomic justice | ||
| 245 | _bselected writings | ||
| 260 | _aHarmondsworth | ||
| 260 | _bPenguin Education | ||
| 260 | _C1973 | ||
| 300 | _a479p. | ||
| 300 | _b 20cm. | ||
| 650 | _bIdeas , Holliness | ||
| 700 | _aEdmund S. Phelps | ||
| 942 | 0 | 0 | _05 |
| 999 |
_c15984 _d15984 |
||